Bombay Stamp Act 1958 (Record no. 687813)

MARC details
000 -LEADER
fixed length control field 00279nam a2200109Ia 4500
008 - FIXED-LENGTH DATA ELEMENTS--GENERAL INFORMATION
fixed length control field 230627s9999 xx 000 0 und d
041 ## - LANGUAGE CODE
Language code of text/sound track or separate title mar
082 ## - DEWEY DECIMAL CLASSIFICATION NUMBER
Classification number 343.057
Item number TAL
100 ## - MAIN ENTRY--PERSONAL NAME
Personal name Talankar D. R.
245 ## - TITLE STATEMENT
Title Bombay Stamp Act 1958
260 ## - PUBLICATION, DISTRIBUTION, ETC.
Place of publication, distribution, etc. Mumbai
Name of publisher, distributor, etc. Current Publications
Date of publication, distribution, etc. 2005
Holdings
Withdrawn status Lost status Damaged status Not for loan Collection Home library Current library Shelving location Date acquired Cost, normal purchase price Total Checkouts Full call number Barcode Date last seen Price effective from Koha item type
        NLP LL.B New Law College, Pune New Law College, Pune NLP-Rack No-17 31/03/2006 250.00   343.057 TAL NLP-N08761 17/07/2023 17/07/2023 Book